000 00850nas a2200289 4500
001 BR0002226
003 BR-BrBNA
005 20231205101832.0
007 ta
008 230509b bl.|||p| |||| 00| 00por d
040 _aBR-BrBNA
_bpor
_cBiblioteca Nacional de Agricultura
041 _a(Pt)
072 _aF63
100 1 _aSacramento, C.K. do
100 1 _aPereira, F.M.
100 1 _aPerecin, D.
100 1 _aSabino, J.C.
245 1 _aCapacidade combinatoria para frutificacao em cultivares de nogueira Macadamia
650 _aMacadamia
650 _aVariedade
650 _aFrutificacao
650 _aPolinizacao
650 _aSao Paulo
773 0 _tPesquisa Agropecuaria Brasileira (Brazil)
_xISSN 0100-204X
_g(Nov 1999), v. 34(11) p. 2045-2049
_wBR0002226
909 _a202311
_bLúcia
_c55
_dLúcia Elande
942 _2AGRIS
_n0
_cANA
999 _c164228
_d164228